[Event "17. Int. Offene Wiener Schachmeisterschaft 2011 A-
[Site "Grosser Festsaal im Wiener Rathaus"]
[Date "2011.08.17"]
[Round "5"]
[Board "1"]
[White "Zoebisch, Herbert"]
[Black "Enoeckl, Philipp"]
[Result "0-1"]
[WhiteElo "2148"]
[BlackElo "2277"]
[PlyCount "58"]
[EventDate "2011.08.13"]
[EventRounds "9"]
[EventCountry "AUT"]

1.d4 Nf6 2.c4 g6 3.Nc3 Bg7 4.e4 d6 5.f3 O-O 6.Be3 Nc6 7.Nge2 a6 8.Qd2 Rb8 9.Bh6
b5 10.h4 Bxh6 11.Qxh6 bxc4 12.O-O-O Nb4 13.Ng3 c5 14.dxc5 Nxa2+ 15.Nxa2 Qa5
16.Bxc4 Qxc5 17.Nc3 Qxc4 18.h5 Be6 19.hxg6 fxg6 20.e5 Rxb2 21.Nge4 Qb3 22.Rd2
Rxd2 23.Nxf6+ Rxf6 24.Qxh7+ Kf8 25.Qh8+ Bg8 26.Kxd2 Qb2+ 27.Kd3 dxe5 28.Rb1 Rd6+
29.Ke4 Qc2+ 0-1

[Event "17. Int. Offene Wiener Schachmeisterschaft 2011 A-
[Site "Grosser Festsaal im Wiener Rathaus"]
[Date "2011.08.17"]
[Round "5"]
[Board "1"]
[White "Schroer, Marcel"]
[Black "Larmuseau, Maarten"]
[Result "0-1"]
[WhiteElo "2116"]
[BlackElo "2222"]
[PlyCount "76"]
[EventDate "2011.08.13"]
[EventRounds "9"]
[EventCountry "AUT"]

1.e4 e6 2.d4 d5 3.e5 c5 4.c3 Qb6 5.Bd3 Bd7 6.Nf3 Bb5 7.dxc5 Bxc5 8.b4 Be7 9.O-O
Bxd3 10.Qxd3 Nc6 11.Na3 Qc7 12.Bf4 a6 13.Nc2 Nh6 14.Ne3 Rd8 15.a3 f5 16.c4 d4
17.Nc2 Nf7 18.h4 Bxh4 19.Nxh4 g5 20.Nxf5 exf5 21.e6 Qxf4 22.exf7+ Kxf7 23.Rae1
Ne5 24.Qe2 Rhe8 25.Qh5+ Kg7 26.g3 Qg4 27.Qxg4 fxg4 28.Kg2 Nf3 29.Rxe8 Rxe8
30.Rd1 Kf6 31.b5 Rc8 32.bxa6 bxa6 33.Nb4 a5 34.Nd5+ Ke6 35.Nb6 Rc6 36.Rh1 Kf5
37.Rb1 Rh6 38.Rb5+ Ke4 0-1

[Event "17. Int. Offene Wiener Schachmeisterschaft 2011 A-
[Site "Grosser Festsaal im Wiener Rathaus"]
[Date "2011.08.18"]
[Round "6"]
[Board "1"]
[White "Khenkin, Igor"]
[Black "Rombaldoni, Denis"]
[Result "1-0"]
[WhiteElo "2620"]
[BlackElo "2495"]
[PlyCount "59"]
[EventDate "2011.08.13"]
[EventRounds "9"]
[EventCountry "AUT"]

1.d4 Nf6 2.c4 e6 3.Nf3 Bb4+ 4.Bd2 a5 5.Nc3 b6 6.e3 Bb7 7.Bd3 O-O 8.O-O d5 9.cxd5
exd5 10.Ne5 c5 11.a3 Bxc3 12.bxc3 Nbd7 13.Rb1 c4 14.Bc2 Nxe5 15.dxe5 Ne4 16.Be1
Bc6 17.Qh5 b5 18.f3 g6 19.Qh3 Ng5 20.Qh6 Ne6 21.Bh4 Qb6 22.Bf6 Rfe8 23.Kh1 Qc5
24.f4 Qf8 25.Qh4 Nc5 26.f5 Ne4 27.Bxe4 dxe4 28.e6 h5 29.Qg5 Kh7 30.fxg6+ 1-0

[Event "17. Int. Offene Wiener Schachmeisterschaft 2011 A-
[Site "Grosser Festsaal im Wiener Rathaus"]
[Date "2011.08.18"]
[Round "6"]
[Board "1"]
[White "Buhmann, Rainer"]
[Black "Riff, Jean-Noel"]
[Result "1/2-1/2"]
[WhiteElo "2582"]
[BlackElo "2493"]
[PlyCount "50"]
[EventDate "2011.08.13"]
[EventRounds "9"]
[EventCountry "AUT"]

1.Nf3 Nf6 2.c4 e6 3.g3 d5 4.Bg2 dxc4 5.Qa4+ Nbd7 6.Qxc4 a6 7.Qc2 c5 8.O-O b6
9.b3 Bb7 10.Bb2 Be7 11.d3 Rc8 12.Nbd2 Qc7 13.Rac1 O-O 14.Qb1 Qb8 15.a3 Rfd8
16.Qa1 Ne8 17.Rc2 Bf6 18.Rfc1 Bxb2 19.Qxb2 Nd6 20.b4 cxb4 21.axb4 Rxc2 22.Rxc2
Rc8 23.Nb3 Rxc2 24.Qxc2 Qc8 25.Nfd4 Qxc2 1/2-1/2

[Event "17. Int. Offene Wiener Schachmeisterschaft 2011 A-
[Site "Grosser Festsaal im Wiener Rathaus"]
[Date "2011.08.18"]
[Round "6"]
[Board "1"]
[White "Ulibin, Mikhail"]
[Black "Rau, Hannes"]
[Result "1/2-1/2"]
[WhiteElo "2538"]
[BlackElo "2448"]
[PlyCount "88"]
[EventDate "2011.08.13"]
[EventRounds "9"]
[EventCountry "AUT"]

1.d4 Nf6 2.c4 e6 3.g3 Bb4+ 4.Bd2 Bxd2+ 5.Qxd2 c5 6.Bg2 Qb6 7.dxc5 Qxc5 8.Nc3 O-O
9.Rc1 Nc6 10.Nb5 Rb8 11.Nh3 d5 12.cxd5 Qxb5 13.dxc6 bxc6 14.b3 Ba6 15.Nf4 Rfd8
16.Nd3 Qh5 17.O-O Ng4 18.h4 Ne5 19.Rc3 Bxd3 20.exd3 Nf3+ 21.Bxf3 Qxf3 22.Qe3 Qd5
23.Rfc1 Rb6 24.R1c2 g6 25.Qe4 Qxe4 26.dxe4 Rd1+ 27.Kg2 Ra1 28.Rd3 Ra6 29.Rdd2
Kg7 30.Kf3 Ra5 31.Ke3 h6 32.Kd4 g5 33.hxg5 hxg5 34.a4 Rb1 35.Kc4 Re5 36.Re2 g4
37.Re3 Rd1 38.Rce2 a5 39.Re1 Rd2 40.R1e2 Rd1 41.Rd3 Rc1+ 42.Rc3 Rd1 43.Rd3 Rc1+
44.Rc3 Rd1 1/2-1/2

[Event "17. Int. Offene Wiener Schachmeisterschaft 2011 A-
[Site "Grosser Festsaal im Wiener Rathaus"]
[Date "2011.08.18"]
[Round "6"]
[Board "1"]
[White "Lekic, Dusan"]
[Black "Petrov, Marijan"]
[Result "1/2-1/2"]
[WhiteElo "2378"]
[BlackElo "2534"]
[PlyCount "35"]
[EventDate "2011.08.13"]
[EventRounds "9"]
[EventCountry "AUT"]

1.d4 g6 2.c4 Bg7 3.e4 c5 4.Nf3 d6 5.Be2 Nf6 6.Nc3 O-O 7.O-O Na6 8.b3 Bg4 9.Be3
Qa5 10.Rc1 Nd7 11.Qd2 Bxf3 12.Bxf3 cxd4 13.Bxd4 Bxd4 14.Qxd4 Nb4 15.Qd2 Nc6
16.Rfd1 Rfd8 17.Qh6 Qe5 18.Be2 1/2-1/2

[Event "17. Int. Offene Wiener Schachmeisterschaft 2011 A-
[Site "Grosser Festsaal im Wiener Rathaus"]
[Date "2011.08.18"]
[Round "6"]
[Board "1"]
[White "Ortmann, David"]
[Black "Shengelia, David"]
[Result "0-1"]
[WhiteElo "2322"]
[BlackElo "2513"]
[PlyCount "144"]
[EventDate "2011.08.13"]
[EventRounds "9"]
[EventCountry "AUT"]

1.Nf3 g6 2.c4 Bg7 3.Nc3 e5 4.e3 f5 5.d4 e4 6.Nd2 c6 7.f3 d5 8.cxd5 cxd5 9.Qb3
Nf6 10.Bb5+ Nc6 11.fxe4 fxe4 12.O-O Bf5 13.Be2 Qd7 14.Na4 b6 15.Nb1 O-O 16.Bd2
Bh6 17.Bb5 Qd6 18.Bxc6 Qxc6 19.Na3 Rfc8 20.Rac1 Qd6 21.Nb5 Qd7 22.Rxc8+ Rxc8
23.Rc1 Rxc1+ 24.Bxc1 Ng4 25.h3 Nf6 26.Nac3 Kg7 27.Qd1 a6 28.Na3 Bxh3 29.gxh3
Qxh3 30.Qf1 Bxe3+ 31.Bxe3 Qxe3+ 32.Qf2 Qc1+ 33.Kg2 Ng4 34.Qe2 Qf4 35.Kh1 Qg3
36.Nd1 Qh3+ 37.Kg1 Qg3+ 38.Kh1 h5 39.Nc2 Qh3+ 40.Kg1 Qg3+ 41.Kh1 Qh4+ 42.Kg1 Qg5
43.Kh1 Qc1 44.Kg2 Qf4 45.Kh1 Qf6 46.Kg1 a5 47.Nde3 Nh6 48.Qh2 Qg5+ 49.Kf1 Nf5
50.Qe5+ Kh7 51.Ke2 h4 52.Nxf5 Qg2+ 53.Ke1 Qg1+ 54.Ke2 Qg2+ 55.Kd1 Qf3+ 56.Kd2
Qf2+ 57.Kd1 gxf5 58.Qxd5 h3 59.Qf7+ Kh6 60.Qf6+ Kh5 61.Qh8+ Kg4 62.Qg7+ Kh4
63.Qh6+ Kg3 64.Qg5+ Kh2 65.d5 f4 66.d6 e3 67.Qd5 e2+ 68.Kc1 Qf1+ 69.Ne1 Qxe1+
70.Kc2 Qf2 71.d7 e1=Q+ 72.Kb3 Qb4# 0-1

[Event "17. Int. Offene Wiener Schachmeisterschaft 2011 A-
[Site "Grosser Festsaal im Wiener Rathaus"]
[Date "2011.08.18"]
[Round "6"]
[Board "1"]
[White "Krivoborodov, Egor"]
[Black "Maryasin, Boris"]
[Result "1-0"]
[WhiteElo "2507"]
[BlackElo "2321"]
[PlyCount "49"]
[EventDate "2011.08.13"]
[EventRounds "9"]
[EventCountry "AUT"]

1.e4 c5 2.Nf3 e6 3.d4 cxd4 4.Nxd4 a6 5.Bd3 Qb6 6.Nb3 Qc7 7.O-O Nf6 8.Qe2 d6 9.c4
Nbd7 10.Nc3 b6 11.f4 Bb7 12.Bd2 Be7 13.Rae1 g6 14.e5 dxe5 15.fxe5 Nh5 16.Nd5
exd5 17.e6 fxe6 18.Qxe6 O-O-O 19.Qxe7 Nc5 20.Qxc7+ Kxc7 21.Nxc5 bxc5 22.Ba5+ Kb8
23.Bxd8 Rxd8 24.cxd5 Bxd5 25.Re7 1-0

[Event "17. Int. Offene Wiener Schachmeisterschaft 2011 A-
[Site "Grosser Festsaal im Wiener Rathaus"]
[Date "2011.08.18"]
[Round "6"]
[Board "1"]
[White "Gleizerov, Evgeny"]
[Black "Georgiadis, Nico"]
[Result "0-1"]
[WhiteElo "2590"]
[BlackElo "2328"]
[PlyCount "74"]
[EventDate "2011.08.13"]
[EventRounds "9"]
[EventCountry "AUT"]

1.d4 Nf6 2.c4 c5 3.d5 b5 4.cxb5 a6 5.b6 d6 6.Nc3 Nbd7 7.e4 Rb8 8.Nf3 g6 9.Be2
Bg7 10.O-O O-O 11.a4 Rxb6 12.Nd2 Rb4 13.a5 Ne5 14.f4 Neg4 15.Nc4 Ne8 16.Qe1 Bd4+
17.Kh1 f5 18.exf5 Bxf5 19.Qg3 Ngf6 20.Ne3 Bxe3 21.Qxe3 Nc7 22.Bf3 Rd4 23.b3
Ncxd5 24.Nxd5 Nxd5 25.Qe2 Rf7 26.Bb2 Nxf4 27.Qxa6 Rb4 28.Qa8 Qxa8 29.Bxa8 Bd3
30.Rf3 Rb8 31.Bc6 Ba6 32.g3 Ne6 33.Rxf7 Kxf7 34.Kg1 Rxb3 35.Bh8 Nc7 36.Ra2 Rb1+
37.Kf2 e5 0-1

[Event "17. Int. Offene Wiener Schachmeisterschaft 2011 A-
[Site "Grosser Festsaal im Wiener Rathaus"]
[Date "2011.08.18"]
[Round "6"]
[Board "1"]
[White "Larsen, Karsten"]
[Black "Degraeve, Jean-Marc"]
[Result "1-0"]
[WhiteElo "2323"]
[BlackElo "2574"]
[PlyCount "57"]
[EventDate "2011.08.13"]
[EventRounds "9"]
[EventCountry "AUT"]

1.e4 d5 2.exd5 Nf6 3.d4 Bg4 4.Nf3 Qxd5 5.Be2 Nc6 6.c4 Qh5 7.Be3 O-O-O 8.Nbd2 e6
9.a3 Bd6 10.h3 Rhe8 11.Rg1 Bxf3 12.Nxf3 Qg6 13.Bd3 Ne4 14.Qc2 f5 15.O-O-O h6
16.Kb1 Be7 17.g4 Qh7 18.gxf5 exf5 19.d5 Nb8 20.Nd4 Bf6 21.Ne6 Na6 22.f3 Rxe6
23.dxe6 Rxd3 24.Qxd3 Nec5 25.Bxc5 Nxc5 26.Qe2 f4+ 27.Ka2 Be7 28.b4 Na6 29.Qd3 1-0

[Event "17. Int. Offene Wiener Schachmeisterschaft 2011 A-
[Site "Grosser Festsaal im Wiener Rathaus"]
[Date "2011.08.18"]
[Round "6"]
[Board "1"]
[White "Hertneck, Gerald"]
[Black "Szalanczy, Emil"]
[Result "1-0"]
[WhiteElo "2551"]
[BlackElo "2325"]
[PlyCount "105"]
[EventDate "2011.08.13"]
[EventRounds "9"]
[EventCountry "AUT"]

1.d4 c5 2.d5 e6 3.c4 exd5 4.cxd5 d6 5.Nc3 g6 6.e4 Bg7 7.Bd3 Nh6 8.Nf3 O-O 9.Bg5
f6 10.Bf4 Nf7 11.O-O Nd7 12.Bg3 Nde5 13.Nxe5 Nxe5 14.f4 Nf7 15.h4 f5 16.h5 fxe4
17.Bxe4 Qf6 18.hxg6 hxg6 19.Qb3 Bf5 20.Rae1 b5 21.Bxf5 Qxf5 22.Qxb5 Bd4+ 23.Bf2
Qxf4 24.Re4 Bxf2+ 25.Rxf2 Qc1+ 26.Qf1 Qxf1+ 27.Kxf1 Ne5 28.b3 a6 29.Ra4 Nd3
30.Rxf8+ Rxf8+ 31.Kg1 Rf2 32.Rxa6 Rc2 33.Ne4 Nf4 34.g3 Nxd5 35.Rxd6 Ne7 36.Re6
Kf8 37.Rf6+ Ke8 38.Rf2 Rc1+ 39.Kg2 Kd7 40.Nd2 Nf5 41.Kh3 Ke6 42.g4 Nd4 43.Kh4
Kd5 44.Nc4 Ke4 45.Kg5 Nf3+ 46.Kxg6 Rg1 47.Kf6 Rg3 48.Re2+ Kd4 49.Re3 Kd5 50.a4
Kd4 51.a5 Rh3 52.g5 Rh8 53.Kg7 1-0

[Event "17. Int. Offene Wiener Schachmeisterschaft 2011 A-
[Site "Grosser Festsaal im Wiener Rathaus"]
[Date "2011.08.18"]
[Round "6"]
[Board "1"]
[White "Goumas, Georgios"]
[Black "Polak, Tomas"]
[Result "0-1"]
[WhiteElo "2323"]
[BlackElo "2540"]
[PlyCount "56"]
[EventDate "2011.08.13"]
[EventRounds "9"]
[EventCountry "AUT"]

1.e4 e5 2.Nf3 Nc6 3.Bb5 Nge7 4.O-O g6 5.c3 Bg7 6.d4 exd4 7.cxd4 d5 8.e5 O-O
9.Bf4 Bg4 10.Be2 Nf5 11.Nbd2 f6 12.h3 Bxf3 13.Nxf3 Nfxd4 14.Nxd4 Nxd4 15.Qxd4
fxe5 16.Bxe5 Bxe5 17.Qxe5 Re8 18.Qd4 Rxe2 19.Rfe1 Rxe1+ 20.Rxe1 Qd6 21.Qh4 Rf8
22.Re7 h6 23.Re2 h5 24.Re7 d4 25.Qe4 Rf6 26.Re8+ Kf7 27.Rh8 Re6 28.Qf3+ Kg7 0-1

[Event "17. Int. Offene Wiener Schachmeisterschaft 2011 A-
[Site "Grosser Festsaal im Wiener Rathaus"]
[Date "2011.08.18"]
[Round "6"]
[Board "1"]
[White "Gozzoli, Yannick"]
[Black "Stigar, Petter"]
[Result "1/2-1/2"]
[WhiteElo "2532"]
[BlackElo "2298"]
[PlyCount "69"]
[EventDate "2011.08.13"]
[EventRounds "9"]
[EventCountry "AUT"]

1.d4 Nf6 2.c4 e6 3.Nc3 d5 4.cxd5 exd5 5.Bg5 Be7 6.e3 O-O 7.Bd3 Nbd7 8.Nf3 Re8
9.O-O c6 10.Qc2 Nf8 11.h3 Ng6 12.Rae1 Ne4 13.Bxe7 Qxe7 14.Bxe4 dxe4 15.Nd2 f5
16.f3 exf3 17.Nxf3 Be6 18.e4 fxe4 19.Rxe4 Qd7 20.Rfe1 Bf7 21.h4 Rxe4 22.Rxe4 Bd5
23.Nxd5 Qxd5 24.b3 Rf8 25.Qc4 Nf4 26.Re7 Rf7 27.Re8+ Rf8 28.Rxf8+ Kxf8 29.Qb4+
c5 30.dxc5 Nd3 31.Qd2 Qxc5+ 32.Kh2 Qf5 33.Kh1 h6 34.Qc2 Kg8 35.Qc4+ 1/2-1/2

[Event "17. Int. Offene Wiener Schachmeisterschaft 2011 A-
[Site "Grosser Festsaal im Wiener Rathaus"]
[Date "2011.08.18"]
[Round "6"]
[Board "1"]
[White "De Groote, Ewoud"]
[Black "Diermair, Andreas"]
[Result "1-0"]
[WhiteElo "2263"]
[BlackElo "2432"]
[PlyCount "139"]
[EventDate "2011.08.13"]
[EventRounds "9"]
[EventCountry "AUT"]

1.e4 e5 2.Nf3 Nc6 3.Bb5 a6 4.Ba4 Nf6 5.Qe2 b5 6.Bb3 Be7 7.O-O O-O 8.c3 d5 9.d3
Bb7 10.Bg5 Na5 11.Bc2 h6 12.Bh4 Nd7 13.Bg3 dxe4 14.dxe4 Bd6 15.Nbd2 c5 16.Rfd1
Qc7 17.Nf1 Nc4 18.Bd3 Ncb6 19.c4 Nf6 20.N3d2 b4 21.Ne3 Rfe8 22.a3 Bf8 23.Bh4 Be7
24.Bxf6 Bxf6 25.Nd5 Bxd5 26.cxd5 a5 27.Bb5 Red8 28.Bc6 Rab8 29.axb4 axb4 30.b3
Be7 31.Nc4 Nxc4 32.Qxc4 Rb6 33.g3 Qd6 34.Kg2 g6 35.Ra7 Kg7 36.h4 h5 37.Rda1 Kf8
38.R1a5 Kg7 39.Ra8 Rxa8 40.Rxa8 Rb8 41.Ra7 Rd8 42.Rb7 Qf6 43.Qb5 Kf8 44.Bd7 Bd6
45.Qc6 Be7 46.Ra7 Qd6 47.Qxd6 Bxd6 48.Bb5 Be7 49.Bc4 Bd6 50.Kf3 Kg7 51.Ke2 Kf6
52.Kd3 Rb8 53.Ba6 Rb6 54.Kc4 Bb8 55.Ra8 Bd6 56.Bb5 Be7 57.Bc6 Bd6 58.Ra7 Be7
59.f4 exf4 60.gxf4 Bd8 61.Be8 Kg7 62.Bxf7 Bxh4 63.e5 Bg3 64.Be6+ Kh8 65.Rf7 Rb8
66.d6 g5 67.fxg5 Bxe5 68.g6 Bg7 69.d7 Kg8 70.Rf5+ 1-0

[Event "17. Int. Offene Wiener Schachmeisterschaft 2011 A-
[Site "Grosser Festsaal im Wiener Rathaus"]
[Date "2011.08.18"]
[Round "6"]
[Board "1"]
[White "Barle, Janez"]
[Black "Formanek, Edward W"]
[Result "1-0"]
[WhiteElo "2410"]
[BlackElo "2225"]
[PlyCount "81"]
[EventDate "2011.08.13"]
[EventRounds "9"]
[EventCountry "AUT"]

1.e4 e6 2.Nf3 d5 3.Nc3 Nf6 4.e5 Nfd7 5.d4 c5 6.dxc5 Nc6 7.Bf4 h6 8.a3 Bxc5 9.Bb5
g5 10.Bg3 a6 11.Bxc6 bxc6 12.h4 g4 13.Nd2 h5 14.Nb3 Bf8 15.f4 c5 16.f5 Qb6
17.fxe6 fxe6 18.Qd3 Bb7 19.Qg6+ Kd8 20.O-O Kc7 21.Rf7 Rd8 22.Rd1 d4 23.Ne2 d3
24.Rxd3 c4+ 25.Bf2 Qc6 26.Rg3 Kc8 27.Nbd4 Nxe5 28.Qf6 Qd5 29.Rxb7 Qxb7 30.Qxe5
Rh6 31.Rc3 Bg7 32.Rxc4+ Kd7 33.Qa5 e5 34.Nb3 Ke8 35.Rc7 Qe4 36.Nc3 Qxc2 37.Rxg7
Qxb3 38.Qxe5+ Qe6 39.Qg5 Rd3 40.Rg8+ Kf7 41.Qg7# 1-0

[Event "17. Int. Offene Wiener Schachmeisterschaft 2011 A-
[Site "Grosser Festsaal im Wiener Rathaus"]
[Date "2011.08.18"]
[Round "6"]
[Board "1"]
[White "Bykov, Alexey"]
[Black "Zeller, Frank"]
[Result "0-1"]
[WhiteElo "2278"]
[BlackElo "2395"]
[PlyCount "100"]
[EventDate "2011.08.13"]
[EventRounds "9"]
[EventCountry "AUT"]

1.e4 c5 2.Nf3 e6 3.c3 d5 4.exd5 exd5 5.Bb5+ Nc6 6.Qe2+ Be7 7.O-O Bg4 8.Re1 Rc8
9.h3 Bh5 10.g4 Bg6 11.Ne5 Kf8 12.Bxc6 bxc6 13.d3 Bd6 14.Bf4 f6 15.Nxg6+ hxg6
16.Bxd6+ Qxd6 17.Qf3 Ne7 18.c4 g5 19.Nc3 Ng6 20.Qf5 Kf7 21.cxd5 cxd5 22.Nb5 Qc6
23.Nxa7 Nh4 24.Re7+ Kxe7 25.Nxc6+ Kd6 26.Qxc8 Rxc8 27.Na5 Ng6 28.Rc1 Nf4 29.Kf1
Nxd3 30.Rc3 c4 31.b3 Ne5 32.bxc4 dxc4 33.Rc2 Kd5 34.Nb3 Rh8 35.Rd2+ Kc6 36.Nd4+
Kc5 37.Kg2 Nd3 38.Ne2 Kb4 39.Kg3 Rd8 40.Rc2 Ne1 41.Rb2+ Ka3 42.Rb7 Rd3+ 43.Kh2
Nf3+ 44.Kg2 Nh4+ 45.Kg1 Rd1+ 46.Kh2 Rd2 47.Re7 Kxa2 48.Re3 Kb2 49.Re4 c3 50.Nxc3
Kxc3 0-1

[Event "17. Int. Offene Wiener Schachmeisterschaft 2011 A-
[Site "Grosser Festsaal im Wiener Rathaus"]
[Date "2011.08.18"]
[Round "6"]
[Board "1"]
[White "Enoeckl, Philipp"]
[Black "Jakovljevic, Vlado"]
[Result "1/2-1/2"]
[WhiteElo "2277"]
[BlackElo "2377"]
[PlyCount "98"]
[EventDate "2011.08.13"]
[EventRounds "9"]
[EventCountry "AUT"]

1.d4 Nf6 2.Bg5 d5 3.Bxf6 gxf6 4.c4 c6 5.e3 e6 6.Nc3 f5 7.Nh3 Nd7 8.cxd5 cxd5
9.Bd3 a6 10.Rc1 Bd6 11.O-O Qh4 12.Ne2 Nf6 13.Nef4 Bd7 14.f3 O-O 15.Qe1 Qxe1
16.Rfxe1 Rfc8 17.Kf2 Kf8 18.Ne2 Ke7 19.Nhf4 h6 20.g3 Be8 21.Rxc8 Rxc8 22.Rc1
Rxc1 23.Nxc1 Kd7 24.Ke2 Kc7 25.Kd2 Bb4+ 26.Kd1 Ba4+ 27.Bc2 Bc6 28.Nfd3 Bd6
29.Nb3 Be8 30.Kd2 Nd7 31.Kc3 Nb6 32.Na5 Na4+ 33.Bxa4 Bxa4 34.Nb3 b6 35.Ne5 Be8
36.Nc1 f6 37.Ned3 Bh5 38.Ne1 Kc6 39.a4 a5 40.Kb3 b5 41.Ncd3 e5 42.axb5+ Kxb5
43.f4 exd4 44.exd4 a4+ 45.Kc3 Bc7 46.Nc2 Ba5+ 47.b4 axb3+ 48.Kxb3 Bd1 49.Nb2 Bf3
1/2-1/2

[Event "17. Int. Offene Wiener Schachmeisterschaft 2011 A-
[Site "Grosser Festsaal im Wiener Rathaus"]
[Date "2011.08.18"]
[Round "6"]
[Board "1"]
[White "Schachinger, Mario"]
[Black "Bannink, Bernard"]
[Result "1-0"]
[WhiteElo "2360"]
[BlackElo "2269"]
[PlyCount "153"]
[EventDate "2011.08.13"]
[EventRounds "9"]
[EventCountry "AUT"]

1.Nf3 d5 2.c4 c6 3.g3 Nf6 4.Bg2 Bf5 5.cxd5 cxd5 6.Qb3 Qb6 7.Qxb6 axb6 8.Nc3 e6
9.d3 Nc6 10.O-O Be7 11.Nh4 Bg6 12.Nxg6 hxg6 13.Bf4 Kd7 14.a3 Rhc8 15.Rad1 Bd6
16.Bc1 Ke7 17.e4 dxe4 18.dxe4 Be5 19.Ne2 Rd8 20.f4 Bd4+ 21.Nxd4 Rxd4 22.Be3 Rxd1
23.Rxd1 Nd7 24.e5 f6 25.exf6+ gxf6 26.Rd3 Rc8 27.Rc3 Kd8 28.Kf2 Na5 29.Rxc8+
Kxc8 30.Bf1 Kc7 31.g4 f5 32.h3 Nf6 33.Bd4 Nd5 34.Be5+ Kd7 35.Kg3 Nc6 36.Bg7 Ke7
37.b4 Nf6 38.Bg2 Kf7 39.Bh8 fxg4 40.hxg4 Nd5 41.Kf3 g5 42.fxg5 Kg6 43.Kg3 Kxg5
44.Bb2 Nce7 45.Be4 Nc6 46.Kf3 b5 47.Bc1+ Kf6 48.g5+ Kf7 49.g6+ Kg8 50.Bb2 Nb6
51.Kg4 Nc4 52.Bc1 Nd6 53.Bb1 Ne5+ 54.Kh5 Nec4 55.Kh6 e5 56.Bd3 e4 57.Bf1 Nf5+
58.Kg5 Nd4 59.Kf4 Nb3 60.Bxc4+ bxc4 61.Bb2 Nd2 62.Ke3 c3 63.Bxc3 Nc4+ 64.Kxe4
Nxa3 65.Kd5 b5 66.Kc5 Kf8 67.Bb2 Nc4 68.Bc1 Kg7 69.Kxb5 Nd6+ 70.Kc6 Nc8 71.Be3
Ne7+ 72.Kd7 Nd5 73.Bd4+ Kxg6 74.b5 Kf5 75.Kd6 Ke4 76.Bc5 Nc3 77.b6 1-0

[Event "17. Int. Offene Wiener Schachmeisterschaft 2011 A-
[Site "Grosser Festsaal im Wiener Rathaus"]
[Date "2011.08.18"]
[Round "6"]
[Board "1"]
[White "Larmuseau, Maarten"]
[Black "Schneider-Zinner, Harald"]
[Result "1/2-1/2"]
[WhiteElo "2222"]
[BlackElo "2346"]
[PlyCount "147"]
[EventDate "2011.08.13"]
[EventRounds "9"]
[EventCountry "AUT"]

1.e4 e5 2.Nf3 Nc6 3.Bc4 Bc5 4.c3 Nf6 5.d3 d6 6.O-O a6 7.b4 Ba7 8.Nbd2 O-O 9.Bb3
d5 10.exd5 Nxd5 11.Ne4 Bg4 12.Bb2 Nf4 13.Bc2 Qd7 14.Bc1 Ng6 15.h3 Be6 16.Nfg5
Bd5 17.Qh5 h6 18.Nf3 Qe6 19.Bxh6 Bxe4 20.Ng5 Nf4 21.Nxe6 Nxh5 22.Nxf8 gxh6
23.dxe4 Kxf8 24.Rfd1 Ke7 25.Kf1 Rg8 26.g3 Nxg3+ 27.fxg3 Rxg3 28.Ba4 Rxc3 29.Rac1
Rf3+ 30.Kg2 Rf6 31.Bxc6 bxc6 32.Rc2 Bd4 33.Rd3 a5 34.bxa5 c5 35.Ra3 Ra6 36.Kf3
h5 37.Ke2 f5 38.exf5 e4 39.Ra4 Kf6 40.Rc1 Kxf5 41.Rf1+ Ke6 42.Rf8 Kd5 43.Rf5+
Kc6 44.Rxh5 Kb7 45.Rh7 Rg6 46.a6+ Kc6 47.Rh6 Rxh6 48.a7 Rh8 49.a8=Q+ Rxa8
50.Rxa8 c4 51.h4 c3 52.h5 Kc5 53.h6 c2 54.Kd2 Be3+ 55.Kxc2 Bxh6 56.Rb8 Be3 57.a4
Kc6 58.a5 Ba7 59.Rb3 Bc5 60.Kc3 Ba7 61.Kc4 Bf2 62.Rb2 Ba7 63.Rg2 Kb7 64.Rg6 Be3
65.Kb5 Bd2 66.a6+ Ka7 67.Rg7 Bf4 68.Rg4 Bd6 69.Rxe4 Bg3 70.Kc6 Bd6 71.Re1 Bf4
72.Rb1 Bd6 73.Rb5 Kxa6 74.Rb1 1/2-1/2

[Event "17. Int. Offene Wiener Schachmeisterschaft 2011 A-
[Site "Grosser Festsaal im Wiener Rathaus"]
[Date "2011.08.18"]
[Round "6"]
[Board "1"]
[White "Duport, Nicolas"]
[Black "Hera, Imre"]
[Result "1/2-1/2"]
[WhiteElo "2169"]
[BlackElo "2536"]
[PlyCount "55"]
[EventDate "2011.08.13"]
[EventRounds "9"]
[EventCountry "AUT"]

1.e4 c5 2.Nf3 e6 3.d4 cxd4 4.Nxd4 Nc6 5.Nc3 Qc7 6.Be3 Nf6 7.f4 Bb4 8.Ndb5 Qa5
9.e5 Ne4 10.Qd3 Nxc3 11.bxc3 Be7 12.g3 O-O 13.Bg2 f6 14.exf6 Bxf6 15.O-O d5
16.Rab1 a6 17.Nd6 Qc7 18.Nxc8 Raxc8 19.Bb6 Qd6 20.Rfe1 Nd8 21.Bd4 Qa3 22.Bh3
Bxd4+ 23.Qxd4 Qxa2 24.Rb6 Qxc2 25.Bxe6+ Nxe6 26.Qxd5 Qxc3 27.Qxe6+ Kh8 28.Rxb7 1/2-1/2

[Event "17. Int. Offene Wiener Schachmeisterschaft 2011 A-
[Site "Grosser Festsaal im Wiener Rathaus"]
[Date "2011.08.18"]
[Round "6"]
[Board "1"]
[White "Farago, Ivan"]
[Black "Blodstein, Boris"]
[Result "1-0"]
[WhiteElo "2485"]
[BlackElo "2255"]
[PlyCount "92"]
[EventDate "2011.08.13"]
[EventRounds "9"]
[EventCountry "AUT"]

1.d4 Nf6 2.c4 c5 3.d5 d6 4.Nc3 g6 5.e4 Bg7 6.Be2 O-O 7.Bf4 b5 8.cxb5 a6 9.a4 Qa5
10.Bd2 axb5 11.Nxb5 Qd8 12.Qc2 Ba6 13.Nf3 Nbd7 14.O-O Qb8 15.Bc3 Rc8 16.b3 Ne8
17.Bxg7 Nxg7 18.Bc4 Ne8 19.Qe2 Nb6 20.e5 Nxc4 21.bxc4 Bxb5 22.axb5 Qb6 23.h3 Ng7
24.Qb2 Nf5 25.Rxa8 Rxa8 26.g4 Ng7 27.Ra1 Rb8 28.exd6 exd6 29.Qf6 Ne8 30.Qe7 Qc7
31.Qxc7 Nxc7 32.Ng5 Na8 33.Ne4 Nb6 34.Nxd6 Rd8 35.Nb7 Rb8 36.Nd6 Rd8 37.Ne4 Nxc4
38.Rc1 Nb6 39.Rxc5 Kg7 40.d6 Nc8 41.Rd5 Nb6 42.Rc5 Nc8 43.Rc6 Na7 44.Rb6 Rd7
45.Nc5 Rd8 46.d7 Rh8 1-0

[Event "17. Int. Offene Wiener Schachmeisterschaft 2011 A-
[Site "Grosser Festsaal im Wiener Rathaus"]
[Date "2011.08.18"]
[Round "6"]
[Board "1"]
[White "Poetz, Florian"]
[Black "Kirschner, Alexander"]
[Result "1-0"]
[WhiteElo "2416"]
[BlackElo "2268"]
[PlyCount "117"]
[EventDate "2011.08.13"]
[EventRounds "9"]
[EventCountry "AUT"]

1.e4 e6 2.d4 d5 3.Nc3 Bb4 4.e5 c5 5.a3 Bxc3+ 6.bxc3 Ne7 7.Nf3 b6 8.Bb5+ Bd7
9.Bd3 Ba4 10.h4 h6 11.h5 c4 12.Be2 Kd7 13.Bf4 Na6 14.Nd2 Nc7 15.Nf1 Qg8 16.Ne3
Rf8 17.Bg4 Qh7 18.Qd2 Re8 19.Bh3 Kc6 20.O-O Nf5 21.Ng4 Qg8 22.Bh2 Qh7 23.f4 Ref8
24.Nf2 Ne7 25.Rac1 g6 26.Ng4 gxh5 27.Ne3 Nf5 28.Bxf5 exf5 29.Bg3 Re8 30.Qe2 Qg6
31.Bh4 Kb7 32.Kf2 Bc6 33.Ra1 Rhg8 34.Ke1 Re6 35.Kd2 Ne8 36.Qf3 Nc7 37.Rh1 Ree8
38.Bf6 Qg3 39.Qxg3 Rxg3 40.Rxh5 Nb5 41.Bh4 Rg7 42.g3 Bd7 43.Nxd5 Be6 44.Ne3 Kc6
45.Rxh6 Rg6 46.Rh5 Nc7 47.Nxf5 Nd5 48.Nd6 Nxf4 49.gxf4 Rg2+ 50.Kc1 Reg8 51.Rg5
R8xg5 52.Bxg5 Bd5 53.Kb2 b5 54.a4 a6 55.axb5+ axb5 56.Ra6+ Kd7 57.Nxb5 Be4
58.Rd6+ Kc8 59.Rd8+ 1-0

[Event "17. Int. Offene Wiener Schachmeisterschaft 2011 A-
[Site "Grosser Festsaal im Wiener Rathaus"]
[Date "2011.08.18"]
[Round "6"]
[Board "1"]
[White "Van der Heijden, Ton"]
[Black "Danner, Georg"]
[Result "1-0"]
[WhiteElo "2287"]
[BlackElo "2401"]
[PlyCount "95"]
[EventDate "2011.08.13"]
[EventRounds "9"]
[EventCountry "AUT"]

1.d4 Nf6 2.c4 e6 3.Nc3 d5 4.cxd5 exd5 5.Bg5 c6 6.e3 Nbd7 7.Bd3 Be7 8.Qc2 Nf8
9.Nge2 Ne6 10.Bh4 g6 11.f3 O-O 12.O-O c5 13.Qd2 b6 14.f4 Ng7 15.Ng3 Bb7 16.f5
Ng4 17.Bxe7 Qxe7 18.Rf3 Qh4 19.h3 Nxe3 20.Qxe3 cxd4 21.Rf4 Qg5 22.h4 dxe3
23.hxg5 gxf5 24.Nxf5 Nxf5 25.Bxf5 Rad8 26.Ne2 Rfe8 27.Re1 Ba6 28.Nd4 Rd6 29.Rh4
Re5 30.Bxh7+ Kf8 31.Bf5 Ke7 32.Rh3 e2 33.Ra3 b5 34.Rxe2 Rxe2 35.Nxe2 d4 36.Bd3
Ke6 37.Ra5 Ke5 38.a4 Rb6 39.axb5 Bc8 40.Rxa7 Bg4 41.Rxf7 Bxe2 42.Rf5+ Kd6
43.Rf6+ Kc7 44.Bxe2 Rb8 45.b6+ Kd7 46.g6 Ke7 47.Rf7+ Ke6 48.b7 1-0